Trăng ảo chim huyền

محفوظ في:
التفاصيل البيبلوغرافية
المؤلف الرئيسي: Quỳnh Dao
التنسيق: كتاب
اللغة:Undetermined
منشور في: Hà Nội Văn Học 2000
الموضوعات:
الوسوم: إضافة وسم
لا توجد وسوم, كن أول من يضع وسما على هذه التسجيلة!
Thư viện lưu trữ: Trung tâm Học liệu Trường Đại học Cần Thơ
LEADER 00493nam a2200169Ia 4500
001 CTU_35867
008 210402s9999 xx 000 0 und d
082 |a 895.13 
082 |b Qu609t 
100 |a Quỳnh Dao 
245 0 |a Trăng ảo chim huyền 
245 0 |c Quỳnh Dao, Liêu Quốc Nhĩ 
260 |a Hà Nội 
260 |b Văn Học 
260 |c 2000 
650 |a chinese fiction - 20th century ( vietnemese ) 
980 |a Trung tâm Học liệu Trường Đại học Cần Thơ